000 00357nam a2200109 4500
999 _c11078
_d11078
008 181011b ||||| |||| 00| 0 eng d
245 _aSa tuwid na daan walang maiiwan.
260 _aSan Miguel, Manila :
_bOP-Bureau of Communications Services,
_c2013-c2014.
300 _av22 n5, pages 29-39:
_billustrations;
_c23cm.
650 0 _932070
_a1
942 _2ddc
_cPER